000 00747nam a2200217Ii 4500
003 JO-AjNU
008 230605s9999||||xx |||||||||||||| ||und||
017 _a1982/1651
040 _aJO-AjNU
_bara
_erda
_cJO-AjNU
041 _aara
050 1 4 _aND1090.S246 1982
100 3 _aالسلاوي,محمد أديب تأليف,
_eauthor
_917920
245 0 0 _aاعلام الفن التشكيلي العربي بالمغرب
264 3 1 _aبغداد:دار الرشيد للنشر,1982
300 _a162ص
336 _atext
_btxt
_2rdacontent
337 _aunmediated
_bn
_2rdamedia
338 _avolume
_bnc
_2rdacarrier
490 0 _aالسلسة الفنية (47)
650 4 _aالفن-الفن التشكيلي العربي بالمغرب
_917921
999 _aA5635
_c9203
_d9203